000 00502 a2200181 4500
003 OSt
005 20240202134328.0
008 240202b |||||||| |||| 00| 0 eng d
020 _a9789357420006
040 _coclc
082 _a920
_bCHA/B
100 _aChaligatha, Sukumaran
_910361
245 _aBethimaran /
_cSukumaran Chaligatha
250 _a2nd ed.
260 _aKozhikode:
_bOlive Publications,
_c2023.
300 _a78p.
942 _2ddc
_cBK
_h920
_iCHA/B
_k920
_mCHA/B
999 _c44260
_d44260